Normal view MARC view
  • Kamal, Azam

Entry Personal Name

Number of records used in: 2

001 - CONTROL NUMBER

  • control field: 14541

003 - CONTROL NUMBER IDENTIFIER

  • control field: NUST

005 - DATE AND TIME OF LATEST TRANSACTION

  • control field: 20190524065619.0

008 - FIXED-LENGTH DATA ELEMENTS

  • fixed length control field: 190524|| aca||aabn | a|a d

040 ## - CATALOGING SOURCE

  • Original cataloging agency: NUST
  • Transcribing agency: NUST

100 ## - HEADING--PERSONAL NAME

  • Personal name: Kamal, Azam

670 ## - SOURCE DATA FOUND

  • Source citation: Work cat.: (NUST): Kamal, Azam, Looha-e-Arooz /, 2005.
© 2023 Central Library, National University of Sciences and Technology. All Rights Reserved.